Örnek Bir Cumhuriyet Kurumu Devlet Tiyatrosu : (Record no. 13452)

MARC details
000 -BAŞLIK
Sabit Uzunlukta Kontrol Alanı 00656nam a2200205 4500
999 ## - SİSTEM KONTROL NUMARALARI (KOHA)
Koha Biblionumber 13452
Koha Biblioitemnumber 13452
003 - KONTROL NUMARASI IDENTIFIER
Denetim Alanı MIRAKIL
005 - SON İŞLEM TARİHİ VE ZAMANI
Denetim Alanı 20190731165137.0
008 - SABİT-BOY VERİ ELEMANLARI - GENEL BİLGİLER
Sabit Uzunlukta Kontrol Alanı 190731b tu ||||| |||| 00| 0 tur d
020 ## - ULUSLARARASI STANDART KİTAP NUMARASI
Uluslararası Standart Kitap Numarası 978975173468
040 ## - KATALOGLAMA KAYNAK
Orijinal Kataloglama Ajansı TR-AnCHP
Metne Dönüştürmek Ajansı TR-AnCHP
041 ## - DİL KODU
Metin / Ses Parça Veya Ayrı Başlığın Dil Kodu tur
082 ## - DEWEY ONLU SINIFLANDIRMA NUMARASI
Sınıflandırma Numarası 792.09561
Ürün Numarası Y29ö 2009
100 ## - ANA GİRİŞ - KİŞİSEL İSİM
Kişisel Ad Yazgan, Teoman
245 10 - BAŞLIK TABLOSU
Başlık Örnek Bir Cumhuriyet Kurumu Devlet Tiyatrosu :
Başlığın Kalan “Tatbikat Sahnesi” ve Sonraki Yıllar/
Sorumluluk Tablosu, Vb Teoman Yazgan.
260 ## - YAYIN, DAĞITIM, VB
Yayın, Dağıtım, Vb Yeri Ankara:
Yayıncı, Dağıtıcı, Vs Adı Devlet Tiyatroları Genel Müdürlüğü,
Yayın, Dağıtım, Vb Tarihi 2009.
300 ## - FİZİKSEL TANIM
Kapsam 348 s.:
Diğer Fiziksel Ayrıntıları fotg.;
Boyutlar 20 sm.
504 ## - KAYNAKÇA VB NOT
Kaynakça Vb Notu Kaynakça vardır.
650 #0 - KONU KATMA GİRİŞ - TOPİKAL DÖNEM
9 (RLIN) 5400
Topikal Süreli Veya Coğrafi Ad Giriş Elemanı Türk Tiyatrosu
Genel Alt Bölümü Tarih
942 ## - EKLENDİ GİRİŞ ELEMANLARI (KOHA)
Sınıflandırma Veya Raf Düzeni Kaynak Dewey Decimal Classification
Koha Öğesi Türü Books
Holdings
Kalıcı Konum Mevcut Konum Edinme Tarihi Toplam Check-Out'Lar Tam Çağrı Numarası Barkod Tarih Son Görülme İtibaren Geçerli Fiyatlar Koha Öğesi Türü
CHP Kütüphanesi CHP Kütüphanesi 07/31/2019   792.09561 Y29ö 2009 011907 07/31/2019 07/31/2019 Books